000 00701cab a2200265 4500
001 X1080
008 090401t1993 xxu||||| |||| 00| 0 eng d
035 _a(Sirsi) u14592
041 _aeng
245 _aEuropean Valuers Association formed
260 _c1993
350 _a0
490 _aCS Monthly : General Practice
_v3(2) October 1993, 3(1)
650 _aEC
650 _aEUROPEAN GROUP OF VALUERS AND FIXED ASSETS
650 _aEUROPEAN ORGANISATIONS
650 _aEUROPEAN VALUERS ASSOCIATION
650 _aEUROVAL
650 _aFIABCI
650 _aINTERNATIONAL REAL ESTATE FEDERATION
650 _aTEGOVOFA
690 _aOVERSEAS-EUROPE
942 _n0
948 _c04/03/1997
999 _c9522
_d9522